Wang Jinxi ben bing fu zou : 3 juan /

Saved in:
Bibliographic Details
Main Author: Wang, Qiong.
Format: Book
Language:Chinese
Published: Taibei Shi : Guo lian tu shu chu ban you xian gong si, Min guo 53 [1964]
Series:Huang Ming jing shi wen bian ; 8.
Tags: Add Tag
No Tags, Be the first to tag this record!
LEADER 01135cam a2200265ui 4500
001 007787665-2
005 20024617112705.0
008 980511r19641638ch 000 0 chi d
035 0 |a ocm39097390 
040 |a *YNH*  |c *YNH*  |d CStRLIN 
100 1 |6 880-01  |a Wang, Qiong. 
245 1 0 |6 880-02  |a Wang Jinxi ben bing fu zou :  |b 3 juan /  |c Wang Qiong zhuan. 
260 |6 880-03  |a Taibei Shi :  |b Guo lian tu shu chu ban you xian gong si,  |c Min guo 53 [1964] 
300 |a 1 v. ;  |c 21 cm. 
490 1 |6 880-04  |a Huang Ming jing shi wen bian ;  |v 8 
500 |6 880-05  |a "Ben shu yi ju Guo li zhong yang tu shu guan zhen cang Ming Chongzhen jian [1638] Ping lu tang kan ben ying yin." 
880 1 |6 100-01  |a 王瓊. 
880 1 0 |6 245-02  |a 王晉溪本兵敷奏 :  |b 3卷 /  |c 王瓊撰. 
880 |6 260-03  |a 台北市 :  |b 國聯圖書出版有限公司,  |c 民國53 [1964] 
880 1 |6 490-04  |a 皇明經世文編 ;  |v 8 
880 |6 500-05  |a "本書依據國立中央圖書館珍藏明崇禎間[1638]平露堂刊本影印." 
830 0 |6 880-54  |a Huang Ming jing shi wen bian ;  |v 8. 
880 0 |6 830-54  |a 皇明經世文編 ;  |v 8. 
988 |a 20021121 
906 |0 MH